UBT Library

KEYS FOR WRITERS (Record no. 59427)

000 -LEADER
fixed length control field 00310nam a22001457a 4500
008 - FIXED-LENGTH DATA ELEMENTS--GENERAL INFORMATION
fixed length control field 230322b ||||| |||| 00| 0 eng d
020 ## - INTERNATIONAL STANDARD BOOK NUMBER
International Standard Book Number 2901285769607
041 ## - LANGUAGE CODE
Language code of text/sound track or separate title eng
080 ## - UNIVERSAL DECIMAL CLASSIFICATION NUMBER
Universal Decimal Classification number 37
082 ## - DEWEY DECIMAL CLASSIFICATION NUMBER
Classification number 37MIL
100 ## - Rafti
Rafti 22
101 ## - Shkurtesa
Shkurtesa EDUKIM
245 ## - TITLE STATEMENT
Title KEYS FOR WRITERS
Statement of responsibility, etc MILLER.K.S
942 ## - ADDED ENTRY ELEMENTS (KOHA)
Source of classification or shelving scheme
Item type Books
Holdings
Withdrawn status Lost status Source of classification or shelving scheme Damaged status Not for loan Collection code Permanent location Current location Date acquired Total Checkouts Full call number Barcode Date last seen Price effective from Koha item type
          Koleksioni i përgjithshem UBT - Lipjan UBT - Lipjan 03/22/2023   37MIL 002-8002057 03/22/2023 03/22/2023 Books
          Koleksioni i përgjithshem UBT - Lipjan UBT - Lipjan 03/22/2023   37MIL 002-8002058 03/22/2023 03/22/2023 Books
UBT Library © 2015-2024. All rights reserved University Education for Business and Technology